MARC details
| 000 -LÍDER |
| campo de controle de tamanho fixo |
01244nam a22003134a 4500 |
| 001 - NÚMERO DE CONTROLE |
| campo de controle |
529 |
| 003 - IDENTIFICADOR DO NÚMERO DE CONTROLE |
| campo de controle |
BR-RjBN |
| 005 - DATA E HORÁRIO DA ÚLTIMA TRANSAÇÃO |
| campo de controle |
20260528133855.0 |
| 008 - CAMPO DE DADOS FIXOS--INFORMAÇÃO GERAL |
| campo de controle de tamanho fixo |
170101s2017 sp j 000 f por d |
| 020 ## - ISBN - INTERNATIONAL STANDARD BOOK NUMBER |
| ISBN - International Standard Book Number |
9788595200487 |
| 040 ## - FONTE DA CATALOGAÇÃO |
| Idioma da catalogação |
por |
| 041 1# - CÓDIGO DE IDIOMA |
| Código do idioma do texto/trilha sonora ou título diferente |
por |
| 082 ## - CDD - CLASSIFICAÇÃO DECIMAL DE DEWEY |
| Número de Classificação |
028.5 |
| Número do exemplar |
O51j |
| 100 1# - ENTRADA PRINCIPAL--NOME PESSOAL |
| Nome pessoal |
Olmedo, Jessica, |
| Datas associadas ao nome |
1994- |
| 245 10 - TÍTULO |
| Título |
Jesus : |
| Restante do título |
o maior de todos os heróis / |
| Indicação de responsabilidade, etc. |
Jessica Olmedo ; ilustração Jessica Olmedo ; revisão Beatriz Hune. |
| 250 ## - EDIÇÃO |
| Declaração de edição |
1. ed. |
| 260 ## - PUBLICAÇÃO, DISTRIBUIÇÃO, ETC. |
| Local de publicação, distribuição, etc. |
São Paulo : |
| Nome do editor, distribuidor, etc. |
Pé da Letra, |
| Data da publicação, distribuição, etc. |
2017. |
| 300 ## - DESCRIÇÃO FÍSICA |
| Extensão |
12 p. : |
| Outros detalhes físicos |
il. color. ; |
| 490 1# - TÍTULO DA SÉRIE |
| Título da série |
Clássicos bíblicos |
| 520 ## - NOTA DE RESUMO, ETC. |
| Resumo, etc. |
Livro infantil que apresenta Jesus como o maior herói da humanidade, destacando seu amor, sacrifício e missão de salvar as pessoas. Com linguagem simples e ilustrações coloridas, a obra busca transmitir valores cristãos e aproximar as crianças das histórias bíblicas de maneira educativa e acessível. |
| 650 #0 - ASSUNTO--TERMO TÓPICO |
| Cabeçalho tópico ou nome geográfico |
Literatura infantojuvenil brasileira. |
| 650 #0 - ASSUNTO--TERMO TÓPICO |
| Cabeçalho tópico ou nome geográfico |
Histórias bíblicas. |
| 650 #0 - ASSUNTO--TERMO TÓPICO |
| Cabeçalho tópico ou nome geográfico |
Jesus Cristo. |
| 650 #0 - ASSUNTO--TERMO TÓPICO |
| Cabeçalho tópico ou nome geográfico |
Literatura cristã infantil. |
| 655 #0 - TERMO DE ÍNDICE--GÊNERO E FORMA |
| Gênero/forma/ou termo foco |
Literatura infantil. |
| 655 #0 - TERMO DE ÍNDICE--GÊNERO E FORMA |
| Gênero/forma/ou termo foco |
Ficção religiosa. |
| 700 1# - ENTRADA ADICIONADA - NOME PESSOAL |
| Nome pessoal |
Hune, Beatriz, |
| Função do autor por extenso |
rev. |
| 942 ## - ELEMENTOS DE ENTRADA ADICIONADOS (KOHA) |
| Fonte de classificação ou esquema de arquivamento |
Classificação decimal de Dewey |
| Ocultar no OPAC |
Não |
| Tipo de material Koha |
Livros |